• 首页
  • 本馆介绍
  • 公告通知
  • 最新文献
  • 馆藏检索
  • 电子资源
  • 读者导购
  • 参考咨询
  • 我的图书馆
  • 登录
  • 详细信息显示
  • 放入我的书架
  • 预约/预借图书
  • 作者相关作品
  • 分类相关作品
  • 丛书相关作品
  • 出版社相关作品

书目信息

  • 表格格式
  • 工作单格式
  • 卡片格式
题名:
美国留学情报
    
 
作者: 《爱华》杂志社 编 ;乔颖 译
分册:  
出版信息: 上海   文汇出版社  2002
页数: 184页
开本: 20cm
丛书名:
单 册:
中图分类: G649.712.8
科图分类:
主题词: 留学生教育--概况--美国 , 高等学校--简介--美国 , 教育--各级
电子资源:
ISBN: 7-80676-106-3
000 00704nam0 2200241 45
001 0501011018
005 20090914151854.04
010    @a7-80676-106-3@dCNY12.00
100    @a20050101d2002 km y0chiy0120 ea
101 0  @achi
200 1  @a美国留学情报@AMei Guo Liu Xue Qing Bao@f《爱华》杂志社编@g乔颖译
210    @a上海@c文汇出版社@d2002
215    @a184页@c图@d20cm
300    @a最新版留学情报站
606 0  @a留学生教育@x概况@y美国
606 0  @a高等学校@x简介@y美国
606 0  @a教育@x各级
690    @aG649.712.8@v4
701  0 @a《爱华》杂志社@A《Ai Hua》Za Zhi She@4编
702  0 @a乔颖@AQiao Ying@4译
801    @aCN@bahty@c20090914
905    @aBZT@dG649.712.8@e1
906    @dCNY12.00@n0@r1
    
    美国留学情报/《爱华》杂志社编/乔颖译.-上海:文汇出版社,2002
    184页:图;20cm
    最新版留学情报站
    
    ISBN 7-80676-106-3:CNY12.00
    
●
相关链接 在五车中查询图书 在当当中查询图书 在豆瓣中查询图书


正题名:美国留学情报     索取号:G649.712.8/1         预约/预借

序号 登录号 条形码 馆藏地/架位号 状态 备注
1 383840   210149392   中心书库北库/ 北库027架B面5列3层47/ [索取号:G649.712.8/1] 在馆    
2 383841   210149409   中心书库北库/ 北库027架B面5列3层46/ [索取号:G649.712.8/1] 在馆    
3 383842   210149418   中心书库北库/ 北库027架B面5列3层54/ [索取号:G649.712.8/1] 在馆    
4 383843   210149427   中心书库北库/ 北库027架B面5列3层48/ [索取号:G649.712.8/1] 在馆    
5 383844   210149436   中心书库北库/ 北库027架B面5列3层55/ [索取号:G649.712.8/1] 在馆    
6 383845   210149445   中心书库北库/ 北库027架B面5列3层49/ [索取号:G649.712.8/1] 在馆    
7 383846   210149454   中心书库北库/ 北库027架B面5列3层52/ [索取号:G649.712.8/1] 在馆    
8 383847   210149463   中心书库北库/ 北库027架B面5列3层53/ [索取号:G649.712.8/1] 在馆    
9 383848   210149472   中心书库北库/ 北库027架B面5列3层50/ [索取号:G649.712.8/1] 在馆    
10 383849   210149481   中心书库北库/ 北库027架B面5列3层51/ [索取号:G649.712.8/1] 在馆    
山东省滨州职业学院图书馆 欢迎您!
大连网信软件有限公司© 版权所有